| 000 | 00691nam a2200277Ia 4500 | ||
|---|---|---|---|
| 008 | 180803s9999 xx 000 0 und d | ||
| 020 | _a9780590331272 | ||
| 050 | _bK923 1998 | ||
| 100 | _aKrensky, Stephen | ||
| 245 | 0 | _aWe just moved! / | |
| 245 | 0 | _cby Stephen Krensky ; illustrated by Larry DiFiori. | |
| 260 | _aNew York, New York : | ||
| 260 | _bScholastic, | ||
| 260 | _c1998 | ||
| 300 | _aunpaged : | ||
| 300 | _bcolored ; | ||
| 300 | _c22cm. | ||
| 440 | _aScholastic reader level 2. | ||
| 500 | _a250 | ||
| 650 | _aCastles. | ||
| 650 | _aMiddle Ages. | ||
| 650 | _aMoving, Household. | ||
| 700 | _aDiFiori, Larry. | ||
| 700 | _aSeries. | ||
| 700 | _aTitle. | ||
| 999 |
_c358253 _d358253 |
||